000
00345pab a2200157 454500
008
180718b2013 xxu||||| |||| 00| 0 eng d
100
_a
Khanna, Sri Ram
245
_a
The national consumer helpline
260
_c
2013
300
_a
p.77-82.
362
_a
Jul
650
_a
Consumers
773
_a
Seminar
908
_a
N
909
_a
101112
999
_c
101111
_d
101111